000 00955 a2200217 4500
001 54613
005 20260407155820.0
008 260407a1969 arg spa d
003 AR-UNSa-BCEJYS
040 _aAR-UNSa-BCEJYS
_bspa
_cAR-UNSa-BCEJYS
080 _a321.01
_xTeoría general del Estado. Teoría y filosofía del poder. Estado y territorio. Autoridad y oposición. Usurpación (Filosofía política)
245 1 0 _aHegemonía y dominación en el estado moderno
264 1 _aCórdoba :
_bEdiciones Pasado y Presente
_c1969
300 _a161 p.
_c20 cm.
505 _aI. La teoría marxista del estado y del derecho y el problema de la "alternativa" - II. Introducción al estudio de la hegemonía en el estado - III. La teoría política marxista en Gran Bretaña - IV. Marx y el derecho moderno
041 _aspa
942 _cBK
590 _aniveau_biblio:m niveau_hierar:0
100 1 _aPoulantzas, Nicos
700 1 _aPoyrazián, María T.
999 _c5687
_d5687